000 00445nam a2200181Ia 4500
001 16434
005 20260306170309.0
008 260306t2022||||xx |||||||||||||| ||und||
041 _aESP
082 _a348.6
_bC34L
100 _aCastillo Guzmán, Jorge
_eAUT
245 0 _aRégimen laboral peruano en sus documentos
260 _c2022
300 _a1118 páginas :
_c25 cm.
650 _aGEN
654 _aCDE
942 _cLIB
_dJUS
_fJUS
_2ddc
_n
999 _c16434
_d16434